000 00689nam a2200241Ia 4500
003 OSt
005 20220918192738.0
006 a|||||r|||| 00| 0
007 ta
008 220917b |||||||| |||| 00| 0 eng d
024 _a70,010
037 _cTextual
040 _aARTS
_cARTS
_beng
041 _2eng
_aeng
082 _aQ8441:33v, L8
100 _aGandhi Surjit Singh
_980023
245 0 _aHistory of the Sikh Gurus
_b a comprehensive study
260 _aDelhi
_bGurdas Kapur
_c1978
300 _axiv,642p.
_ccm.
500 _aAppendices (566-626p) (I-V); Bib 627-32p
942 _hQ8441:33v, L8
_cTEXL
_2CC
999 _c196112
_d196112